The Basics of Speech (Record no. 9486)
[ view plain ]
| 000 -LEADER | |
|---|---|
| fixed length control field | 00617nam a22001817a 4500 |
| 005 - DATE AND TIME OF LATEST TRANSACTION | |
| control field | 20260422140656.0 |
| 008 - FIXED-LENGTH DATA ELEMENTS--GENERAL INFORMATION | |
| fixed length control field | 260422b |||||||| |||| 00| 0 eng d |
| 020 ## - INTERNATIONAL STANDARD BOOK NUMBER | |
| International Standard Book Number | 9780844250502 |
| 050 ## - LIBRARY OF CONGRESS CALL NUMBER | |
| Classification number | P95 GAL |
| 100 ## - MAIN ENTRY--PERSONAL NAME | |
| Personal name | Galvin, Kathleen M. |
| 245 ## - TITLE STATEMENT | |
| Title | The Basics of Speech |
| Remainder of title | learning to be a competent communicator |
| Statement of responsibility, etc. | Kathleen M. Galvin, Pamela J. Cooper & Jeanie McKinney Gordon |
| 250 ## - EDITION STATEMENT | |
| Edition statement | 2nd ed. |
| 260 ## - PUBLICATION, DISTRIBUTION, ETC. | |
| Place of publication, distribution, etc. | Lincolnwood, Illinois |
| Name of publisher, distributor, etc. | National Textbook Company |
| Date of publication, distribution, etc. | 1994 |
| 300 ## - PHYSICAL DESCRIPTION | |
| Extent | xiii. 512p. |
| Other physical details | ill. color |
| Dimensions | 24cm |
| 700 ## - ADDED ENTRY--PERSONAL NAME | |
| Personal name | Cooper, Pamela J. |
| 700 ## - ADDED ENTRY--PERSONAL NAME | |
| Personal name | Gordon, Jeanie McKinney |
| 942 ## - ADDED ENTRY ELEMENTS (KOHA) | |
| Source of classification or shelving scheme | Library of Congress Classification |
| Koha item type | Books |
| Edition | 2nd ed. |
| Suppress in OPAC | No |
| 999 ## - | |
| -- | 9486 |
| -- | 9486 |
| Withdrawn status | Lost status | Source of classification or shelving scheme | Damaged status | Not for loan | Collection | Home library | Current library | Shelving location | Date acquired | Total checkouts | Full call number | Barcode | Date last seen | Copy number | Price effective from | Koha item type |
|---|---|---|---|---|---|---|---|---|---|---|---|---|---|---|---|---|
| Library of Congress Classification | Non-fiction | Business Library (Miotso) | Business Library (Miotso) | General stacks | 04/22/2026 | P95 GAL | BSSM00003571 | 04/22/2026 | 1 | 04/22/2026 | Books | |||||
| Library of Congress Classification | Non-fiction | Business Library (Miotso) | Business Library (Miotso) | General stacks | 04/22/2026 | P95 GAL | BSSM00003572 | 04/22/2026 | 2 | 04/22/2026 | Books | |||||
| Library of Congress Classification | Non-fiction | Business Library (Miotso) | Business Library (Miotso) | General stacks | 04/22/2026 | P95 GAL | BSSM00003573 | 04/22/2026 | 3 | 04/22/2026 | Books | |||||
| Library of Congress Classification | Non-fiction | Business Library (Miotso) | Business Library (Miotso) | General stacks | 04/22/2026 | P95 GAL | BSSM00003574 | 04/22/2026 | 4 | 04/22/2026 | Books |